[Event "World Rapid Women 2021"]
[Site "Warsaw POL"]
[Date "2021.12.27"]
[Round "7.50"]
[White "Brambilla, Renee Blandy T."]
[Black "Szczotka, Klara"]
[Result "0-1"]
[WhiteElo "1536"]
[BlackElo "1755"]
[WhiteFideId "2115085"]
[BlackFideId "21858845"]
[EventDate "2021.12.26"]

1. d4 Nf6 2. c4 e6 3. Nf3 b6 4. Bg5 Bb7 5. e3 h6 6. Bh4 Be7 7. Nc3 d5 8. cxd5
exd5 9. Bd3 O-O 10. O-O Ne4 11. Bxe7 Qxe7 12. Rc1 Rc8 13. Bb1 Nd7 14. Nd2 Ndf6
15. Ndxe4 Nxe4 16. Nxe4 dxe4 17. a3 Bd5 18. b4 a5 19. Qd2 axb4 20. Qxb4 Qxb4 21.
axb4 Ra4 22. Rc3 Rxb4 23. Rfc1 c6 24. h3 Kf8 25. Ra3 Rb2 26. Bc2 Ke7 27. Bd1 f5
28. Bh5 Kf6 29. Bd1 Ra2 30. Rxa2 Bxa2 31. Ra1 Bd5 32. Kf1 Rb8 33. Ke1 Rb7 34.
Kd2 g5 35. Kc3 f4 36. Bb3 fxe3 37. fxe3 Bxb3 38. Kxb3 h5 39. Kc4 Ke6 40. Rd1 Ra7
41. Rd2 Ra3 42. Re2 Kd6 43. Kb4 Rd3 44. g4 hxg4 45. hxg4 Kd5 46. Ka4 Kc4 47.
Rc2+ Rc3 48. Re2 b5+ 49. Ka5 Kd3 50. Re1 Kd2 51. Rf1 Kxe3 52. Rf5 Kxd4 53. Rxg5
e3 54. Rg8 e2 55. Rd8+ Ke3 56. Re8+ Kf3 57. g5 Re3 58. Rf8+ Kg4 59. g6 e1=Q+ 60.
Kb6 Re7 61. Rb8 Qe4 0-1

[Event "World Rapid Women 2021"]
[Site "Warsaw POL"]
[Date "2021.12.27"]
[Round "8.1"]
[White "Kosteniuk, Alexandra"]
[Black "Muzychuk, Mariya"]
[Result "1-0"]
[WhiteTitle "GM"]
[BlackTitle "GM"]
[WhiteElo "2516"]
[BlackElo "2539"]
[WhiteFideId "4128125"]
[BlackFideId "14114550"]
[EventDate "2021.12.26"]

1. e4 c5 2. Nf3 e6 3. c3 d5 4. e5 d4 5. g3 Nc6 6. Bg2 Qc7 7. Qe2 d3 8. Qe4 Nge7
9. O-O Ng6 10. Re1 Bd7 11. h4 h5 12. Na3 O-O-O 13. Nb5 Qb8 14. Qxd3 a6 15. Nd6+
Bxd6 16. exd6 Be8 17. Qe2 Qxd6 18. d4 cxd4 19. cxd4 Kb8 20. Be3 Nb4 21. Ne5 Nxe5
22. dxe5 Qc7 23. Rac1 Bc6 24. Bc5 Nd5 25. Bd6 Rxd6 26. exd6 Qxd6 27. Qe5 Qxe5
28. Rxe5 g6 29. a3 Rd8 30. Ree1 Rd7 31. Bf1 Kc7 32. Rc2 Kd6 33. Rec1 Ne7 34. b4
Ke5 35. Rc5+ Kf6 36. b5 axb5 37. Bxb5 Bxb5 38. Rxb5 Nd5 39. Kg2 b6 40. Rb3 Ra7
41. Rc4 Ra5 42. Kf3 Kf5 43. Ke2 Ra7 44. Kd2 Ke5 45. Kc2 f6 46. Kb2 g5 47. Rb5
Kf5 48. Kb3 Rd7 49. Rc6 gxh4 50. gxh4 Rb7 51. a4 Rg7 52. Rcxb6 Rg1 53. a5 Kg4
54. Rxe6 Rb1+ 55. Kc4 1-0

[Event "World Rapid Women 2021"]
[Site "Warsaw POL"]
[Date "2021.12.27"]
[Round "8.2"]
[White "Lagno, Kateryna"]
[Black "Serikbay, Assel"]
[Result "1/2-1/2"]
[WhiteTitle "GM"]
[BlackTitle "WIM"]
[WhiteElo "2550"]
[BlackElo "2263"]
[WhiteFideId "14109336"]
[BlackFideId "13706799"]
[EventDate "2021.12.26"]

1. e4 c5 2. Nf3 e6 3. d4 cxd4 4. Nxd4 Nc6 5. Nc3 a6 6. Be3 Nf6 7. a3 d5 8. exd5
exd5 9. Be2 Be7 10. O-O O-O 11. h3 Ne5 12. Bf4 Nc4 13. b3 Nd6 14. Bf3 Nde4 15.
Nce2 Bd7 16. c4 dxc4 17. bxc4 Rc8 18. Qb1 Nc5 19. Bxb7 Nxb7 20. Qxb7 Rxc4 21.
Qxa6 Ra4 22. Qb7 Rxa3 23. Nc6 Bxc6 24. Qxc6 Qd3 25. Rxa3 Bxa3 26. Qc3 Qxc3 27.
Nxc3 Rc8 28. Ne2 h6 29. Rd1 Ne4 30. Be3 Nc3 31. Nxc3 Rxc3 32. Rd5 Bc1 33. Bxc1
Rxc1+ 1/2-1/2

[Event "World Rapid Women 2021"]
[Site "Warsaw POL"]
[Date "2021.12.27"]
[Round "8.3"]
[White "Koneru, Humpy"]
[Black "Shuvalova, Polina"]
[Result "1/2-1/2"]
[WhiteTitle "GM"]
[BlackTitle "IM"]
[WhiteElo "2586"]
[BlackElo "2516"]
[WhiteFideId "5008123"]
[BlackFideId "24171760"]
[EventDate "2021.12.26"]

1. d4 d5 2. c4 e6 3. Nc3 c5 4. cxd5 exd5 5. Nf3 Nf6 6. g3 Nc6 7. Bg2 cxd4 8.
Nxd4 Bc5 9. Nb3 Bb6 10. O-O d4 11. Na4 O-O 12. Bg5 Re8 13. Re1 h6 14. Bxf6 Qxf6
15. Nxb6 axb6 16. Bxc6 bxc6 17. Qxd4 Qd8 18. Qxd8 Rxd8 19. Red1 Rxd1+ 20. Rxd1
Be6 21. Nd4 Rxa2 22. Nxe6 fxe6 1/2-1/2

[Event "World Rapid Women 2021"]
[Site "Warsaw POL"]
[Date "2021.12.27"]
[Round "8.4"]
[White "Assaubayeva, Bibisara"]
[Black "Gunina, Valentina"]
[Result "1/2-1/2"]
[WhiteTitle "IM"]
[BlackTitle "GM"]
[WhiteElo "2434"]
[BlackElo "2471"]
[WhiteFideId "13708694"]
[BlackFideId "4167570"]
[EventDate "2021.12.26"]

1. d4 d5 2. c4 c6 3. Nf3 Nf6 4. e3 Bf5 5. Nc3 e6 6. Nh4 Bg6 7. g3 Nbd7 8. Be2
Bd6 9. Qb3 Rb8 10. Bd2 O-O 11. Nxg6 hxg6 12. O-O Qe7 13. Qc2 dxc4 14. Bxc4 Rfc8
15. Ne4 Nxe4 16. Qxe4 Nf6 17. Qf3 e5 18. dxe5 Bxe5 19. Rab1 b5 20. Be2 Qe6 21.
b3 g5 22. e4 g4 23. Qf5 Qxf5 24. exf5 Re8 25. Be3 c5 26. Bxc5 Bxg3 27. Rfe1 Bf4
28. Bd3 Red8 29. Rbd1 Rd5 30. b4 Rbd8 31. Bc2 Bd2 32. Rf1 a6 33. Kg2 Nh5 34. f3
Nf4+ 35. Kf2 Re5 36. Be4 gxf3 37. Kxf3 Nh3 38. Bc2 Rdd5 39. Kg4 Ng5 40. Rf2 Ne4
41. Bxe4 Rxe4+ 42. Kf3 Rf4+ 43. Ke2 Re4+ 44. Kf1 Rxc5 45. bxc5 Bc3 46. Rc2 b4
47. Re2 Rc4 48. Rd5 a5 49. Re8+ Kh7 50. Ra8 f6 51. Ke2 Be5 52. Rxa5 Bxh2 53. Ra6
Kh6 54. c6 Kg5 55. Rd7 Kxf5 56. Rxg7 Bf4 57. Kd3 Rc3+ 58. Kd4 Ke6 59. c7+ Kf5
60. Ra5+ Ke6 61. Ra6+ Kf5 62. Ra5+ Ke6 63. Rb5 Bxc7 64. Rxc7 Rxc7 65. Rxb4 Ra7
66. Ke4 1/2-1/2

[Event "World Rapid Women 2021"]
[Site "Warsaw POL"]
[Date "2021.12.27"]
[Round "8.5"]
[White "Mammadova, Gulnar"]
[Black "Batsiashvili, Nino"]
[Result "1-0"]
[WhiteTitle "IM"]
[BlackTitle "GM"]
[WhiteElo "2387"]
[BlackElo "2491"]
[WhiteFideId "13403508"]
[BlackFideId "13602993"]
[EventDate "2021.12.26"]

1. e4 e5 2. Nf3 Nc6 3. Bc4 Nf6 4. d3 Bc5 5. Nc3 h6 6. Be3 Bxe3 7. fxe3 d6 8. a4
Ne7 9. d4 exd4 10. exd4 d5 11. exd5 Nexd5 12. Nxd5 Nxd5 13. O-O O-O 14. Qd2 Be6
15. Rae1 Qd6 16. Ne5 c5 17. c3 cxd4 18. Qxd4 Rad8 19. Rd1 Qb8 20. Qe4 Nf6 21.
Rxd8 Nxe4 22. Rxb8 Rxb8 23. Bxe6 fxe6 24. Rd1 a5 25. Nd7 Rc8 26. Rd4 Ng5 27. Nb6
Rc6 28. Nc4 Rc5 29. Nd6 b6 30. Nc4 Rc6 31. Rd8+ Kh7 32. Ne5 Rc5 33. Nd7 Rc6 34.
Nf8+ Kg8 35. Nxe6+ Kf7 36. Nd4 Rc4 37. Rd7+ Kf6 38. Rd6+ Ke5 39. Rxb6 Rxa4 40.
Nb3 Ra2 41. Rb5+ Kf4 42. Nc5 Ke3 43. h4 Nf7 44. Kh2 a4 45. Rb4 a3 46. bxa3 Rxa3
47. Re4+ Kd2 48. Re7 Nh8 49. Rxg7 Ra8 50. Rh7 Kxc3 51. Rxh6 Kd4 52. Ne6+ Ke5 53.
Ng5 Kf5 54. Rc6 Ra4 55. Nf3 Ng6 56. Rc5+ Kf6 57. g3 Ne7 58. Kh3 Nf5 59. g4 Ne3
60. g5+ Kg6 61. Rc6+ Kf5 62. Rf6+ Ke4 63. h5 Nf5 64. h6 Ra1 65. h7 Kd5 1-0

[Event "World Rapid Women 2021"]
[Site "Warsaw POL"]
[Date "2021.12.27"]
[Round "8.6"]
[White "Dzagnidze, Nana"]
[Black "Kamalidenova, Meruert"]
[Result "1-0"]
[WhiteTitle "GM"]
[BlackTitle "WIM"]
[WhiteElo "2531"]
[BlackElo "2351"]
[WhiteFideId "13601903"]
[BlackFideId "13712802"]
[EventDate "2021.12.26"]

1. d4 Nf6 2. c4 g6 3. Nc3 Bg7 4. g3 O-O 5. Bg2 c6 6. e4 d6 7. Nge2 e5 8. O-O Re8
9. h3 a5 10. Be3 exd4 11. Nxd4 a4 12. Qc2 Qa5 13. Rad1 Nbd7 14. Rfe1 Nc5 15. Bf4
Bf8 16. g4 h5 17. g5 Nfd7 18. Bg3 Ne5 19. f4 Nxc4 20. Bf1 Nb6 21. f5 Na6 22. e5
Nb4 23. Qb1 Kg7 24. exd6 Rxe1 25. Rxe1 Qc5 26. Be5+ Kh7 27. Ne4 Qa5 28. fxg6+
fxg6 29. Nf6+ Kg7 30. d7 Bxd7 31. Nxd7+ Kf7 32. Nxb6 Qxb6 33. Bc4+ Nd5 34. Rf1+
Ke7 35. Qxg6 Re8 36. Qd6# 1-0

[Event "World Rapid Women 2021"]
[Site "Warsaw POL"]
[Date "2021.12.27"]
[Round "8.7"]
[White "Garifullina, Leya"]
[Black "Abdumalik, Zhansaya"]
[Result "0-1"]
[WhiteTitle "WGM"]
[BlackTitle "GM"]
[WhiteElo "2414"]
[BlackElo "2491"]
[WhiteFideId "34127035"]
[BlackFideId "13703544"]
[EventDate "2021.12.26"]

1. e4 e5 2. Nf3 Nc6 3. Bb5 a6 4. Ba4 Nf6 5. O-O Be7 6. Re1 b5 7. Bb3 O-O 8. a4
Bb7 9. d3 d6 10. c3 Na5 11. Bc2 c5 12. Nbd2 Re8 13. d4 cxd4 14. cxd4 Nc6 15. Nf1
exd4 16. Nxd4 Bf8 17. Ng3 Qc7 18. Be3 Nb4 19. Bb1 bxa4 20. Rxa4 d5 21. Bd2 a5
22. exd5 Bxd5 23. Rxe8 Rxe8 24. Ndf5 Bb7 25. Bc3 Rd8 26. Qb3 Bd5 27. Qa3 Na2 28.
Qxa2 Bxa2 29. Bxa2 Rd1+ 30. Nf1 Qd7 31. Rxa5 Rxf1+ 32. Kxf1 Qd1+ 33. Be1 Qd3+
34. Kg1 Qe2 35. Ne7+ Kh8 0-1

[Event "World Rapid Women 2021"]
[Site "Warsaw POL"]
[Date "2021.12.27"]
[Round "8.8"]
[White "Stefanova, Antoaneta"]
[Black "Buksa, Nataliya"]
[Result "1-0"]
[WhiteTitle "GM"]
[BlackTitle "IM"]
[WhiteElo "2469"]
[BlackElo "2401"]
[WhiteFideId "2902257"]
[BlackFideId "14123622"]
[EventDate "2021.12.26"]

1. Nf3 d5 2. g3 Nf6 3. Bg2 e6 4. O-O Be7 5. c4 O-O 6. b3 d4 7. e3 c5 8. exd4
cxd4 9. Ba3 Nc6 10. d3 Re8 11. Re1 a5 12. Bxe7 Rxe7 13. Ne5 Nxe5 14. Rxe5 Nd7
15. Rb5 Rb8 16. c5 Qc7 17. Qc2 b6 18. c6 Nc5 19. Na3 Ba6 20. Rd1 Qd6 21. b4 axb4
22. Nc4 b3 23. axb3 Qc7 24. Rb4 e5 25. Na3 Rd8 26. Nb5 Bxb5 27. Rxb5 g6 28. b4
Nb7 29. Qe2 Nd6 30. Rxe5 Rde8 31. Rxe7 Rxe7 32. Qd2 Nb5 33. Re1 Nc3 34. h4 h5
35. Kh2 Qd6 36. Rxe7 Qxe7 37. Qf4 Nb5 38. Qb8+ Kh7 39. Qxb6 Qe5 40. f4 Qf5 41.
Be4 1-0

[Event "World Rapid Women 2021"]
[Site "Warsaw POL"]
[Date "2021.12.27"]
[Round "8.9"]
[White "Muetsch, Annmarie"]
[Black "Atalik, Ekaterina"]
[Result "0-1"]
[WhiteTitle "WIM"]
[BlackTitle "IM"]
[WhiteElo "2279"]
[BlackElo "2420"]
[WhiteFideId "12971367"]
[BlackFideId "4130189"]
[EventDate "2021.12.26"]

1. e4 c6 2. Ne2 d5 3. e5 c5 4. d4 Nc6 5. c3 cxd4 6. cxd4 Bf5 7. Nbc3 e6 8. Ng3
Bg6 9. h4 h6 10. h5 Bh7 11. Bb5 Ne7 12. Qb3 a6 13. Bxc6+ Nxc6 14. O-O Nb4 15.
Qd1 Be7 16. a3 Nd3 17. Be3 Nxb2 18. Qb3 Nc4 19. Qxb7 O-O 20. Qb3 Rb8 21. Qd1
Bxa3 22. Rxa3 Nxa3 23. Qg4 Kh8 24. Na4 Nc4 25. Bf4 Qe7 26. Nc5 a5 27. Ne2 Rb1
28. Rxb1 Bxb1 29. Nc3 Bf5 30. Qg3 Rb8 31. Kh2 Rb2 32. N3a4 Rc2 33. Kg1 Ra2 34.
Nc3 Ra1+ 35. Kh2 Bc2 36. Nb5 a4 37. Nd6 a3 38. Nxc4 dxc4 39. Bd2 a2 40. Bc3 Rb1 0-1

[Event "World Rapid Women 2021"]
[Site "Warsaw POL"]
[Date "2021.12.27"]
[Round "8.10"]
[White "Mamedjarova, Turkan"]
[Black "Paehtz, Elisabeth"]
[Result "0-1"]
[WhiteTitle "WGM"]
[BlackTitle "IM"]
[WhiteElo "2264"]
[BlackElo "2507"]
[WhiteFideId "13402005"]
[BlackFideId "4641833"]
[EventDate "2021.12.26"]

1. d4 Nf6 2. c4 e6 3. Nc3 Bb4 4. e3 b6 5. Nf3 Bb7 6. Bd2 O-O 7. Bd3 d5 8. O-O
Nbd7 9. Nxd5 Nxd5 10. cxd5 Bxd2 11. dxe6 Bxf3 12. gxf3 Bxe3 13. fxe3 fxe6 14.
Qe2 c5 15. Be4 Rc8 16. Rad1 Qe7 17. dxc5 Rxc5 18. Bxh7+ Kxh7 19. Qd3+ Rff5 20.
Qxd7 Qg5+ 21. Kh1 Rc2 22. Rg1 Rxh2+ 23. Kxh2 Qh5+ 24. Kg2 Qxf3+ 0-1

[Event "World Rapid Women 2021"]
[Site "Warsaw POL"]
[Date "2021.12.27"]
[Round "8.11"]
[White "Danielian, Elina"]
[Black "Doluhanova, Evgeniya"]
[Result "1-0"]
[WhiteTitle "GM"]
[BlackTitle "WGM"]
[WhiteElo "2441"]
[BlackElo "2264"]
[WhiteFideId "13300210"]
[BlackFideId "14112035"]
[EventDate "2021.12.26"]

1. Nf3 Nf6 2. g3 e6 3. Bg2 d5 4. O-O Be7 5. d3 O-O 6. Nbd2 b6 7. e4 dxe4 8. dxe4
Bb7 9. e5 Ne4 10. Qe2 Nxd2 11. Bxd2 Nd7 12. Rfd1 Qc8 13. h4 c5 14. Bg5 Bxg5 15.
hxg5 Qc7 16. Rd6 Rad8 17. Rad1 Nb8 18. Qd2 Rc8 19. Qf4 Qe7 20. Qh4 Bd5 21. c4
Bc6 22. g6 Qxh4 23. gxf7+ Kxf7 24. Nxh4 Bxg2 25. Nxg2 g5 26. Ne3 Nc6 27. f4 gxf4
28. gxf4 Rfd8 29. Rd7+ Kg6 30. Kf2 Rxd7 31. Rxd7 Rd8 32. Rc7 Nb4 33. Re7 Rd2+
34. Kf3 Rxb2 35. Rxe6+ Kf7 36. Rf6+ Ke8 37. Nf5 Nc2 38. Nd6+ Ke7 39. Rf7+ Kd8
40. Ke4 Nd4 41. Rxa7 Re2+ 42. Kd3 Rf2 43. Rf7 Ne6 44. Ke3 Rxa2 45. f5 Ra3+ 46.
Kd2 Ra2+ 47. Kc1 Nd4 48. e6 Ne2+ 49. Kd1 Nc3+ 50. Ke1 Re2+ 51. Kf1 1-0

[Event "World Rapid Women 2021"]
[Site "Warsaw POL"]
[Date "2021.12.27"]
[Round "8.12"]
[White "Gaponenko, Inna"]
[Black "Vaishali, R"]
[Result "0-1"]
[WhiteTitle "IM"]
[BlackTitle "IM"]
[WhiteElo "2347"]
[BlackElo "2401"]
[WhiteFideId "14101181"]
[BlackFideId "5091756"]
[EventDate "2021.12.26"]

1. e4 c5 2. c3 Nf6 3. e5 Nd5 4. Bc4 Nb6 5. Bb3 Nc6 6. Nf3 c4 7. Bc2 d6 8. exd6
Qxd6 9. O-O g6 10. Na3 Bg7 11. b3 cxb3 12. axb3 O-O 13. d4 Rd8 14. Nb5 Qb8 15.
Qe2 Bg4 16. h3 Bxf3 17. Qxf3 e5 18. Be4 a6 19. Na3 exd4 20. Bf4 Qc8 21. Bxc6
bxc6 22. cxd4 Rxd4 23. Rac1 Nd5 24. Bg3 f5 25. Nc2 Re4 26. Ne3 Nxe3 27. fxe3 Qe6
28. Bf4 Rc8 29. Qd1 c5 30. Rf2 Rb4 31. Rfc2 Bf8 32. Rc3 Rb7 33. Qc2 Rd8 34. Rd1
Rbd7 35. Rxd7 Qxd7 36. Qa2 Qe6 37. Rc4 Be7 38. Kh2 g5 39. Bc7 Qxe3 40. Qxa6 Rd1
41. Qc8+ Bd8 0-1

[Event "World Rapid Women 2021"]
[Site "Warsaw POL"]
[Date "2021.12.27"]
[Round "8.13"]
[White "Pavlidou, Ekaterini"]
[Black "Michna, Marta"]
[Result "1-0"]
[WhiteTitle "WIM"]
[BlackTitle "WGM"]
[WhiteElo "2203"]
[BlackElo "2314"]
[WhiteFideId "4213262"]
[BlackFideId "1106686"]
[EventDate "2021.12.26"]

1. d4 Nf6 2. c4 d6 3. Nc3 Nbd7 4. e4 e5 5. d5 Be7 6. Bd3 c6 7. h3 Nc5 8. Bc2 a5
9. Nge2 cxd5 10. cxd5 b5 11. Nxb5 Nfxe4 12. Be3 Ba6 13. a4 O-O 14. O-O Rb8 15.
f3 Bxb5 16. axb5 Nf6 17. Nc3 Nfd7 18. Qe2 g6 19. Ra3 Rc8 20. Rfa1 Nb7 21. Na4
Bg5 22. Bf2 Bh4 23. g3 Be7 24. b6 f5 25. Bd3 Nbc5 26. Nxc5 Nxc5 27. Ba6 Nxa6 28.
Qxa6 Rc2 29. Rc3 Rxb2 30. Rac1 f4 31. Rc8 Qd7 32. g4 Qb5 33. Rxf8+ Kxf8 34. Qc8+
Kg7 35. Qe6 Bg5 36. h4 Rb1 37. Rxb1 Qxb1+ 38. Kg2 Bxh4 39. Qd7+ Kh6 40. Bxh4
Qb2+ 41. Kh3 1-0

[Event "World Rapid Women 2021"]
[Site "Warsaw POL"]
[Date "2021.12.27"]
[Round "8.14"]
[White "Pourkashiyan, Atousa"]
[Black "Kurmangaliyeva, Liya"]
[Result "1-0"]
[WhiteTitle "WGM"]
[BlackTitle "FM"]
[WhiteElo "2322"]
[BlackElo "2195"]
[WhiteFideId "12502014"]
[BlackFideId "13725831"]
[EventDate "2021.12.26"]

1. e4 c5 2. Nf3 Nc6 3. d4 cxd4 4. Nxd4 Nf6 5. Nc3 e5 6. Ndb5 d6 7. Bg5 a6 8. Na3
Be6 9. Nc4 Rb8 10. Be2 Nd4 11. O-O Be7 12. Bxf6 Bxf6 13. Ne3 O-O 14. Ncd5 Bg5
15. c3 Nc6 16. Qd3 g6 17. Kh1 Ne7 18. Rad1 Nxd5 19. Nxd5 b5 20. Nb4 Rb6 21. g3
Bh3 22. Rfe1 Be6 23. Bf1 f5 24. exf5 Bxf5 25. Qe2 Qd7 26. Bg2 Kh8 27. Nd5 Rbb8
28. Ne3 Be6 29. b3 Rf7 30. Nc2 Rbf8 31. Rf1 Qc7 32. Rd3 Qc5 33. Ne3 a5 34. Kg1
a4 35. Bd5 Bxe3 36. Bxe6 Rxf2 37. Rxf2 Bxf2+ 38. Kg2 axb3 39. axb3 b4 40. Rf3
Re8 41. cxb4 Qd4 42. Bf7 Rf8 43. Rxf2 e4 44. Bc4 Re8 45. Qb2 1-0

[Event "World Rapid Women 2021"]
[Site "Warsaw POL"]
[Date "2021.12.27"]
[Round "8.15"]
[White "Balajayeva, Khanim"]
[Black "Bivol, Alina"]
[Result "1/2-1/2"]
[WhiteTitle "WGM"]
[BlackTitle "IM"]
[WhiteElo "2376"]
[BlackElo "2368"]
[WhiteFideId "13406396"]
[BlackFideId "4100123"]
[EventDate "2021.12.26"]

1. e4 e6 2. d4 d5 3. Nc3 Bb4 4. exd5 exd5 5. Bd3 Nc6 6. a3 Be7 7. Nf3 Nf6 8. h3
Be6 9. Bf4 a6 10. O-O h6 11. Bh2 O-O 12. Re1 Re8 13. Qd2 Bf8 14. Re2 Ne7 15.
Rae1 b6 16. Nd1 c5 17. c3 Nc6 18. Bb1 Qc8 19. Ne5 Ne7 20. Ne3 Ra7 21. f3 g6 22.
N3g4 Bxg4 23. Nxg4 Nxg4 24. hxg4 Rd8 25. Bf4 Kh7 26. g3 Ng8 27. g5 cxd4 28. cxd4
Re7 29. Rxe7 Nxe7 30. gxh6 Nf5 31. Bxf5 Qxf5 32. g4 Qd7 33. Rc1 Bd6 34. Kg2 Re8
35. Bxd6 Qxd6 36. g5 f6 37. gxf6 Qxf6 38. Rc7+ Re7 39. Rxe7+ Qxe7 40. Qf4 Qe2+
41. Kg3 Qe1+ 42. Kg2 Qe2+ 43. Kg3 1/2-1/2

[Event "World Rapid Women 2021"]
[Site "Warsaw POL"]
[Date "2021.12.27"]
[Round "8.16"]
[White "Socko, Monika"]
[Black "Goryachkina, Aleksandra"]
[Result "0-1"]
[WhiteTitle "GM"]
[BlackTitle "GM"]
[WhiteElo "2393"]
[BlackElo "2610"]
[WhiteFideId "1106619"]
[BlackFideId "4147103"]
[EventDate "2021.12.26"]

1. d4 Nf6 2. c4 e6 3. Nf3 d5 4. Nc3 Nbd7 5. cxd5 exd5 6. Bg5 c6 7. e3 Be7 8. Bd3
Ne4 9. Bxe7 Qxe7 10. Qc2 Ndf6 11. Ne5 O-O 12. O-O Re8 13. Rae1 Bf5 14. a3 Nxc3
15. Qxc3 Bxd3 16. Qxd3 c5 17. Qf5 Ne4 18. Rc1 c4 19. Rfd1 b5 20. Ng4 Qe6 21. Qf4
a5 22. f3 Nd6 23. Re1 b4 24. axb4 axb4 25. Rcd1 Ra2 26. Rb1 b3 27. h4 h5 28. Nf2
Nf5 29. e4 Nxd4 30. Qd2 Qf6 31. exd5 Rxe1+ 32. Qxe1 Ra8 33. Ne4 Qe5 34. d6 f5
35. Ng5 Qxd6 36. Rd1 Rd8 37. Kh1 Qf6 38. Qc3 Kh8 39. Qxc4 Ne6 40. Rxd8+ Nxd8 41.
Qd5 Nc6 42. Qxb3 Qd4 43. g3 Qf2 44. f4 0-1

[Event "World Rapid Women 2021"]
[Site "Warsaw POL"]
[Date "2021.12.27"]
[Round "8.17"]
[White "Efroimski, Marsel"]
[Black "Muzychuk, Anna"]
[Result "0-1"]
[WhiteTitle "IM"]
[BlackTitle "GM"]
[WhiteElo "2429"]
[BlackElo "2531"]
[WhiteFideId "2810964"]
[BlackFideId "14111330"]
[EventDate "2021.12.26"]

1. e4 e5 2. Nf3 Nc6 3. Nc3 Nf6 4. Bb5 Nd4 5. Nxd4 exd4 6. Nd5 Nxd5 7. exd5 Qe7+
8. Qe2 b6 9. O-O Qxe2 10. Bxe2 Bb7 11. Bf3 f5 12. b3 Bc5 13. Re1+ Kf7 14. Bb2 a5
15. d6 Bxf3 16. Re7+ Kg6 17. gxf3 Bxd6 18. Rxd7 Rhd8 19. Rxd8 Rxd8 20. Bxd4
Bxh2+ 21. Kxh2 Rxd4 22. d3 Kf6 23. Re1 Rd6 24. Re8 Rc6 25. c4 Rd6 26. Rc8 c5 27.
f4 h6 28. Kg2 g5 29. Rf8+ Kg6 30. fxg5 hxg5 31. Rb8 Kh5 32. f3 Rxd3 33. Rxb6
Rd2+ 34. Kh3 Rxa2 35. Rf6 f4 36. Rf8 Rf2 37. Rh8+ Kg6 38. Rg8+ Kf6 39. Rf8+ Kg7
40. Rc8 Kg6 41. Rg8+ Kf6 42. Rf8+ Ke7 43. Rc8 Rxf3+ 44. Kg4 Rg3+ 45. Kf5 f3 46.
Ke5 Kf7 47. Rc6 g4 48. Rf6+ Kg7 49. Rf4 Rg2 50. Kf5 f2 51. Kg5 g3 0-1

[Event "World Rapid Women 2021"]
[Site "Warsaw POL"]
[Date "2021.12.27"]
[Round "8.18"]
[White "Padmini, Rout"]
[Black "Kovanova, Baira"]
[Result "1-0"]
[WhiteTitle "IM"]
[BlackTitle "WGM"]
[WhiteElo "2345"]
[BlackElo "2331"]
[WhiteFideId "5029295"]
[BlackFideId "4164083"]
[EventDate "2021.12.26"]

1. Nf3 d5 2. g3 Nc6 3. d4 Bf5 4. Bg2 Nb4 5. Na3 e6 6. O-O Nf6 7. c3 Nc6 8. Nb1
h6 9. c4 Be7 10. Nc3 O-O 11. Ne5 Nxe5 12. dxe5 Ng4 13. cxd5 Nxe5 14. dxe6 Bxe6
15. Bxb7 Rb8 16. Bg2 Nc4 17. Qc2 Bf6 18. Rb1 Nd6 19. Nd5 Be5 20. Rd1 Nf5 21. Qe4
Nd6 22. Qc2 Nf5 23. b3 Bd6 24. Qe4 Re8 25. Bb2 Qg5 26. Qc2 h5 27. e4 Nh6 28.
Nxc7 Bxc7 29. Qxc7 Rbc8 30. Qxa7 Ra8 31. Qd4 Rxa2 32. b4 Bb3 33. Bc1 Qg4 34.
Rxb3 Nf5 35. Qd7 Re6 36. exf5 Qxf5 37. Be3 Qc2 38. Qd8+ Kh7 39. Qd3+ 1-0

[Event "World Rapid Women 2021"]
[Site "Warsaw POL"]
[Date "2021.12.27"]
[Round "8.19"]
[White "Zawadzka, Jolanta"]
[Black "Movsesian, Julia"]
[Result "0-1"]
[WhiteTitle "WGM"]
[BlackTitle "WGM"]
[WhiteElo "2426"]
[BlackElo "2300"]
[WhiteFideId "1122320"]
[BlackFideId "4139690"]
[EventDate "2021.12.26"]

1. e4 d6 2. d4 Nf6 3. Nc3 e5 4. Nf3 Nbd7 5. Bc4 Be7 6. a4 O-O 7. a5 c6 8. O-O
Rb8 9. Qe2 h6 10. h3 Re8 11. Rd1 exd4 12. Nxd4 Ne5 13. Bb3 Bf8 14. f4 Ng6 15.
Qd3 Qc7 16. Nf3 Kh8 17. Kh1 Nxe4 18. Nxe4 Bf5 19. Qc3 Bxe4 20. f5 Bxf5 21. Bxh6
Kg8 22. Be3 d5 23. Bxa7 Rbc8 24. Re1 Qg3 25. Ng1 Qxc3 26. bxc3 Be4 27. Kh2 Bd6+
28. g3 f5 29. Bf2 Ne5 30. a6 bxa6 31. Rxa6 Kf7 32. Ra7+ Kg6 33. Rea1 Ng4+ 34.
hxg4 Rh8+ 35. Nh3 Rxh3+ 0-1

[Event "World Rapid Women 2021"]
[Site "Warsaw POL"]
[Date "2021.12.27"]
[Round "8.20"]
[White "Paramzina, Anastasya"]
[Black "Badelka, Olga"]
[Result "1-0"]
[WhiteTitle "WGM"]
[BlackTitle "IM"]
[WhiteElo "2260"]
[BlackElo "2453"]
[WhiteFideId "4165012"]
[BlackFideId "13509926"]
[EventDate "2021.12.26"]

1. e4 e5 2. Nf3 Nc6 3. Bc4 Bc5 4. O-O Nf6 5. d3 h6 6. c3 d6 7. Re1 O-O 8. h3 a5
9. Nbd2 Ba7 10. Nf1 Ne7 11. Bb3 Ng6 12. Ng3 Re8 13. d4 Be6 14. Bc2 c5 15. Be3 b5
16. Qd2 b4 17. Ba4 bxc3 18. bxc3 Bd7 19. Bxd7 Qxd7 20. dxe5 dxe5 21. Qxd7 Nxd7
22. Nf5 Nf6 23. Nd2 Nf4 24. Bxf4 exf4 25. Nd6 Red8 26. N2c4 a4 27. Rad1 Ne8 28.
e5 Nc7 29. Na5 Ne6 30. Nc6 Rf8 31. Nc4 Bb8 32. Rd7 Bc7 33. Rb1 a3 34. Rb7 Ra4
35. Nd6 Bxd6 36. exd6 Re4 37. Kf1 c4 38. Re7 Nc5 39. Rxe4 Nxb7 40. d7 f5 41. Re8
Kf7 42. Ne5+ Kg8 43. Ng6 1-0

[Event "World Rapid Women 2021"]
[Site "Warsaw POL"]
[Date "2021.12.27"]
[Round "8.21"]
[White "Girya, Olga"]
[Black "Babiy, Olga"]
[Result "1-0"]
[WhiteTitle "GM"]
[BlackTitle "WGM"]
[WhiteElo "2416"]
[BlackElo "2259"]
[WhiteFideId "4195752"]
[BlackFideId "14117258"]
[EventDate "2021.12.26"]

1. d4 d5 2. c4 dxc4 3. e3 Nf6 4. Bxc4 e6 5. Nf3 a6 6. O-O c5 7. dxc5 Bxc5 8.
Qxd8+ Kxd8 9. Be2 Ke7 10. Ne5 Nbd7 11. Nd3 Bd6 12. Nd2 b5 13. Bf3 Rb8 14. Nb3
Bb7 15. Bd2 Bxf3 16. gxf3 Rhc8 17. Rfc1 Nb6 18. Nd4 Nc4 19. Bb4 Nd7 20. f4 a5
21. Bxd6+ Kxd6 22. Rc2 b4 23. Rd1 Ncb6 24. Ne5 Nxe5 25. Nf5# 1-0